| 000 | 00461nam a2200193Ia 4500 | ||
|---|---|---|---|
| 005 | 20240823030535.0 | ||
| 008 | 240823s9999||||xx |||||||||||||| ||und|| | ||
| 020 | _a81-7008-797-7 | ||
| 041 | _aENGLISH | ||
| 082 | _A625.723 Q0 | ||
| 100 | _aDuggal S K | ||
| 245 | 0 | _aSurveying Vol 1 | |
| 250 | _a3rd | ||
| 260 |
_c2012 _b"Tata McGraw-Hill Publishing Company Ltd,New " |
||
| 500 | _aYES | ||
| 650 |
_aSurveying _bCivil |
||
| 942 | _cBK | ||
| 999 |
_c188941 _d188941 |
||